Survivor (US) Winners - Statistics

General Stats
  • This quiz has been taken 410 times
  • The average score is 23 of 27
Answer Stats
Season Answer % Correct
Redemption Island Rob
97%
Pearl Islands Sandra
97%
Heroes vs. Villains Sandra
97%
Borneo Richard
95%
Micronesia Parvati
94%
All-Stars Amber
93%
The Australian Outback Tina
93%
Tocantins J.T.
92%
Africa Ethan
91%
Blood vs. Water Tyson
90%
Cook Islands Yul
89%
One World Kim
88%
Samoa Natalie
88%
Palau Tom
87%
China Todd
85%
The Amazon Jenna
84%
Gabon Bob
81%
South Pacific Sophie
81%
Caramoan Cochran
80%
Nicaragua Fabio
80%
Thailand Brian
77%
Philippines Denise
77%
Marquesas Vecepia
77%
Panama Aras
76%
Guatemala Danni
76%
Fiji Earl
76%
Vanuatu Chris
74%
No matching quizzes found
Score Distribution
Percent of People with Each Score
Percentile by Number Answered
Your Score History
You have not taken this quiz